Milk Development Council (Record no. 119714)

MARC details
000 -LEADER
fixed length control field 00738cam a2200181 4500
001 - CONTROL NUMBER
control field WS109131
008 - FIXED-LENGTH DATA ELEMENTS--GENERAL INFORMATION
fixed length control field 000000n 000 0 eng u
035 ## - SYSTEM CONTROL NUMBER
System control number (Sirsi) u109131
110 ## - MAIN ENTRY--CORPORATE NAME
Corporate name or jurisdiction name as entry element Milk Development Council
9 (RLIN) 3959
245 ## - TITLE STATEMENT
Title Milk Development Council
520 ## - SUMMARY, ETC.
Summary, etc. Web site for this statutory body funded by British dairy farmers which aims 'to improve the competitiveness and profitability of British dairy farmers'. Includes a news section, research projects and details of ongoing projects.
650 ## - SUBJECT ADDED ENTRY--TOPICAL TERM
Topical term or geographic name entry element MILK PRODUCTION
650 ## - SUBJECT ADDED ENTRY--TOPICAL TERM
Topical term or geographic name entry element DAIRY FARMERS
650 ## - SUBJECT ADDED ENTRY--TOPICAL TERM
Topical term or geographic name entry element RESEARCH
690 ## - LOCAL SUBJECT ADDED ENTRY--TOPICAL TERM (OCLC, RLIN)
Topical term or geographic name as entry element RURAL-AGRICULTURE AND FORESTRY
856 40 - ELECTRONIC LOCATION AND ACCESS
Uniform Resource Identifier <a href="https://www.mdc.org.uk">https://www.mdc.org.uk</a>
Public note View the website free of charge at www.mdc.org.uk...
942 ## - ADDED ENTRY ELEMENTS (KOHA)
Suppress in OPAC 0
Holdings
Withdrawn status Lost status Source of classification or shelving scheme Damaged status Not for loan Home library Current library Shelving location Date acquired Total Checkouts Full call number Barcode Date last seen Copy number Price effective from Koha item type
    Dewey Decimal Classification     Virtual Virtual Online 02/11/2000   WEB SITE 109131-2001 06/08/2019 1 06/08/2019 Online material